[Event "SVK-chT2A 1718"]
[Site "Slovakia"]
[Date "2018.03.17"]
[Round "10.8"]
[White "Meszaros, Laszlo"]
[Black "Slaba, Andrea"]
[Result "0-1"]
[WhiteElo "1622"]
[BlackElo "1905"]
[PlyCount "148"]
[EventDate "2017.10.28"]
[EventType "team-tourn"]
[EventRounds "11"]
[EventCountry "SVK"]
[SourceTitle "EXT 2020"]
[Source "ChessBase"]
[SourceDate "2019.10.17"]
[SourceVersion "1"]
[SourceVersionDate "2019.10.17"]
[SourceQuality "1"]
[WhiteTeam "Senec"]
[BlackTeam "Piestany Loewe"]
[WhiteTeamCountry "SVK"]
[BlackTeamCountry "SVK"]

1. e4 b6 2. d4 Bb7 3. Nc3 e6 4. a3 Nf6 5. Bd3 d5 6. e5 Nfd7 7. Nce2 c5 8. c3 Ba6 9. Bxa6 Nxa6 10. Nf3 Be7 11. 0-0 Qc7 12. Be3 Nab8 13. Rc1 c4 14. Ng3 g6 15. Qd2 Nc6 16. Rfe1 Na5 17. Qc2 Nb3 18. Rb1 Nb8 19. Nd2 Nxd2 20. Qxd2 Nc6 21. Bg5 Bxg5 22. Qxg5 Qe7 23. Qxe7+ Kxe7 24. Re3 Rhb8 25. b3 cxb3 26. Rxb3 Na5 27. Rb4 Nc4 28. Rf3 Nxa3 29. Ne2 Nc4 30. Rh3 h5 31. f4 b5 32. Nc1 a5 33. Rb1 Nd2 34. Rb2 Ne4 35. Ne2 a4 36. Rf3 a3 37. Ra2 b4 38. cxb4 Rxb4 39. h3 Rb2 40. Raxa3 Rxa3 41. Rxa3 Rxe2 42. Ra7+ Kf8 43. Ra3 Re1+ 44. Kh2 Rf1 45. g3 Rf2+ 46. Kg1 Rd2 47. Rf3 Rxd4 48. g4 hxg4 49. hxg4 Nd2 50. Rf2 Nc4 51. Rf3 Nxe5 52. fxe5 Rxg4+ 53. Kf2 Re4 54. Ra3 Rxe5 55. Kf3 Rh5 56. Ra8+ Kg7 57. Ra7 Kf6 58. Ra6 Ke5 59. Ra5 f5 60. Rb5 g5 61. Kg3 g4 62. Ra5 Rh3+ 63. Kg2 Rb3 64. Rc5 Ke4 65. Ra5 e5 66. Ra2 d4 67. Kf2 f4 68. Ke2 f3+ 69. Kf2 Kf4 70. Ra1 g3+ 71. Kf1 e4 72. Kg1 Rb6 73. Kh1 g2+ 74. Kg1 Kg3 0-1